Metody stanovení nadzemní biomasy buku (Fagus sylvatica L.) : certifikovaná metodika /

Other Authors: Vejpustková, Monika, 1973-
Language: Czech
Published: Strnady : Výzkumný ústav lesního hospodářství a myslivosti, 2013
Series: Lesnický průvodce
Subjects:
Online Access: Digitalizovaný dokument
Physical Description: 28 s. ; 21 cm
Language note: Anglická resumé
Book
Saved in:
LEADER 01817nam a2200493 a 4500
001 nkc20132480372
003 CZ PrNK
005 20251219100918.0
007 ta
008 130916s2013 xr e f 000 0 cze
015 |a cnb002480372 
020 |a 978-80-7417-064-5  |q (brož.) 
035 |a (OCoLC)859738599 
040 |a ABA001  |b cze 
041 0 |a cze  |b eng 
072 7 |a 58  |x Botanika  |2 Konspekt  |9 2 
080 |a 582.623.1  |2 MRF 
080 |a 620.95  |2 MRF 
080 |a 630.5  |2 MRF 
080 |a (083.744)  |2 MRF 
245 0 0 |a Metody stanovení nadzemní biomasy buku (Fagus sylvatica L.) :  |b certifikovaná metodika /  |c Monika Vejpustková ... [et al.] 
260 |a Strnady :  |b Výzkumný ústav lesního hospodářství a myslivosti,  |c 2013 
300 |a 28 s. ;  |c 21 cm 
490 1 |a Certifikovaná metodika pro praxi 
490 1 |a Lesnický průvodce,  |x 0862-7657 ;  |v 1/2013 
504 |a Obsahuje bibliografii 
546 |a Anglická resumé 
650 0 7 |a buk lesní  |7 ph137549  |2 czenas 
650 0 7 |a biomasa  |7 ph118913  |2 czenas 
650 0 7 |a dendrometrie  |7 ph316236  |2 czenas 
650 0 9 |a European beech  |2 eczenas 
650 0 9 |a biomass  |2 eczenas 
650 0 9 |a dendrometry  |2 eczenas 
655 7 |a certifikované metodiky  |7 fd806827  |2 czenas 
655 9 |a certified methodology  |2 eczenas 
700 1 |a Vejpustková, Monika,  |d 1973-  |7 hka2013780693  |4 aut 
810 2 |a Výzkumný ústav lesního hospodářství a myslivosti.  |t Metodiky  |0 s 
830 0 |a Lesnický průvodce  |0 s 
856 4 1 |u http://www.digitalniknihovna.cz/mzk/uuid/uuid:48740cb0-b387-11e5-9ab7-005056827e52  |y Digitalizovaný dokument  |x NDK 
910 2 |a BOA001  |b 2-1310.451 
990 |a BK 
995 |a 01 
991 |b 201309  |c NOV  |e n 
996 6 |b 2610562367  |c 2-1310.451  |l MZK  |r Sklad / do 1 hodiny  |n 1  |p p.v.  |w 001361602  |u 000010  |a 1  |e BOA001  |j MZK50  |s P